Endomorphisms of linear algebraic groups
Αποθηκεύτηκε σε:
| Κύριος συγγραφέας: | |
|---|---|
| Μορφή: | Βιβλίο |
| Γλώσσα: | English |
| Δημοσίευση: |
Providence, R.I. :
American Mathematical Society,
1968
|
| Σειρά: | Memoirs of the American Mathematical Society ;
; 80 |
| Θέματα: | |
| Ετικέτες: |
Προσθήκη ετικέτας
Δεν υπάρχουν, Καταχωρήστε ετικέτα πρώτοι!
|
MARC
| LEADER | 00000nam a2200000 i 4500 | ||
|---|---|---|---|
| 001 | 1/27081 | ||
| 008 | 960423s1968 eng d | ||
| 020 | |a 0-8218-1280-7 | ||
| 035 | |a 1993 |l 10037741 | ||
| 040 | |a GR-MY-UA |b gre |e aacr | ||
| 041 | 0 | |a eng | |
| 082 | 0 | |a 512.2 | |
| 100 | 1 | |a Steinberg, Robert. | |
| 245 | 1 | 0 | |a Endomorphisms of linear algebraic groups / |c Robert Steinberg |
| 260 | |a Providence, R.I. : |b American Mathematical Society, |c 1968 | ||
| 300 | |a 108 σ.; |c 25 εκ. | ||
| 490 | 1 | |a Memoirs of the American Mathematical Society |v ; 80 | |
| 504 | |a Βιβλιογραφία: σ. 105-108 | ||
| 650 | 0 | 0 | |a Group theory. |
| 830 | 0 | |a Memoirs of the American Mathematical Society ; |v ; 80 | |
| 852 | |a INST |b SAMOS |e 19960423 |h 512.2 STE |p 005300002666 |q 005300002666 |t BK |y 0 | ||
| 909 | |a Σ |b 030547 | ||